Especificación de válvulas para refinería y trasiego de hidrocarburos en la Refinadora Costarricense de Petróleo, S.A

Guardat en:
Dades bibliogràfiques
Autor principal: Mata Rodríguez, Erick Wuotan
Altres autors: Ortega Guevara, José Francisco
Format: Llibre
Publicat: San José, C.R. 1996
Matèries:
Etiquetes: Afegir etiqueta
Sense etiquetes, Sigues el primer a etiquetar aquest registre!

MARC

LEADER 00000nam a2200000Ia 4500
003 008040
005 20221231144236.0
008 140114s1996 cr a m 000 ||s d
040 |c cru CEDI 
090 |a TFG 3560 
100 |a Mata Rodríguez, Erick Wuotan  |9 9742 
245 |a Especificación de válvulas para refinería y trasiego de hidrocarburos en la Refinadora Costarricense de Petróleo, S.A 
260 |c 1996  |a  San José, C.R. 
300 |a  xviii, 297 hojas : ilustraciones  
500 |a  Proyecto de graduación (licenciatura en ingeniería mecánica)--Universidad de Costa Rica. Facultad de Ingeniería. Escuela de Ingeniería Mecánica 
650 |x VALVULAS - ESPECIFICACIONES  |9 9743 
700 |9 9744  |a Ortega Guevara, José Francisco 
942 |c TFG 
999 |c 18945  |d 18945